000 00844nam a22001817a 4500
005 20250205184150.0
008 240827b ||||| |||| 00| 0 eng d
082 _aDPer 155.205 J826 July-September 2019 v. 117 n. 1-3
100 _aXie, Sally Y.
_eauthor.
_959124
245 _aPerceiver and target characteristics contribute to impression formation differently across race and gender /
_cSally Y. Xie, Jessica K. Flake, and Eric Hehman.
260 _aWashington ;
_bAmerican Psychological Association,
_cAugust 2019.
300 _avolume 117, pages 364-385,
_billustration.
500 _aJournal of Personality and Social Psychology vol. 117, no. 2, pages 364-385, August 2019.
700 _aXie, Sally Y.
_eauthor.
_959124
700 _aFlake, Jessica K.
_eauthor.
_959125
700 _aHehman, Eric.
_eauthor.
_959126
942 _2ddc
_cPER
999 _c20946
_d20946